000 00737nam a22002417a 4500
005 20170124105912.0
010 _aA-285409
020 _c00
_a0122870409
035 _aA-285409
037 _bCen Lib/Ret
040 _aDPL
_bEN
082 _a025
_bLIB
245 _aLIbrary technical services:
_cedited by Irene P. Godden
_bOperations and management /
246 _b
260 _bAcademic Press, Inc
_c1984
_aLondon
270 _a24/28, Oval Road
_bLondon
300 _axii, 272p.
_c22cm(Hb)
500 _aincludes bibliographical references and index
650 _alibrary sciences
_xProcessing
_9956
650 _aLibrary Automations
_9957
700 _aGodden, Irene P.
_9960
942 _2ddc
_cEN
_h025
_mLIB
999 _c122579
_d122579